000 00310nam a2200133Ia 4500
100 _aThomas/R/ Rogers/L.R.
942 _cBK
654 _aunix
245 _aAdvanced Programmers Guide to Unix System V
260 _bOsborne Mc graw Hill
_aSingapore
_c1987
300 _a484
546 _aENGLISH
999 _c27424
_d27424